| 000 | 00500nam a2200133Ia 4500 | ||
|---|---|---|---|
| 008 | 260210s9999 xx 000 0 und d | ||
| 024 | _a99A-001-CS, 99A-019-CS, 99A-021-CS & 99A-023-CS | ||
| 082 | _a621.3981072 NOO | ||
| 100 | _aShaheena Noor, Adil SAarfaraz Malik, Usama bin Razi & Urooj Alam Abbasi | ||
| 245 | 0 | _aWireless Public Addressing and Device Control System | |
| 260 |
_aKarachi: _bUITU, _c1999 |
||
| 600 | _aComputer System Engineering | ||
| 650 | _aBachelor of Engineering (BE) | ||
| 999 |
_c32631 _d32631 |
||